000 00419nam a2200181Ia 4500
001 15305
005 20260306170146.0
008 260306t1976||||xx |||||||||||||| ||und||
041 _aESP
082 _a531.12
_bH52 V. 1
100 _aHigdon, Archie
_eAUT
245 0 _aEngineering mechanics
260 _c1976
300 _a336 páginas :
_c24 cm.
650 _aGEN
654 _aCCN
942 _cLIB
_dJUS
_fJUS
_2ddc
_n
999 _c15305
_d15305